| 000 | 01136pam a2200325 a 4500 | ||
|---|---|---|---|
| 005 | 20260322212041.0 | ||
| 008 | data | ||
| 010 | _a 97006864 | ||
| 020 | _a0590341286 | ||
| 020 | _a9780590341288 | ||
| 040 |
_aDLC _cDLC _dDLC |
||
| 042 | _alcac | ||
| 050 | 0 | 0 |
_aGV1507.P47 _bW5295 1997 |
| 082 | 0 | 0 |
_a793.735 _221 |
| 092 | _a793.735 W5295 1997 | ||
| 100 | 1 |
_aWick, Walter, _d1953- |
|
| 245 | 1 | 0 |
_aI spy super challenger! : _ba book of picture riddles / _cWalter Wick & Jean Marzollo. |
| 260 |
_aNew York : _bScholastic, _cc1997. |
||
| 300 |
_a1 v. (unpaged) : _bcol. ill. ; _c32 cm. |
||
| 440 | 0 | _aI spy books | |
| 500 | _a"Cartwheel books." | ||
| 650 | 0 |
_aPicture puzzles _xJuvenile literature. |
|
| 650 | 0 | _aRiddles, Juvenile. | |
| 700 | 1 | _aMarzollo, Jean. | |
| 856 | 4 | 2 |
_3Publisher description _uhttp://www.loc.gov/catdir/enhancements/fy1117/97006864-d.html |
| 906 |
_a7 _bcbc _corignew _d1 _eocip _f19 _gy-gencatlg |
||
| 991 |
_bc-GenColl _hGV1507.P47 _iW5295 1997 _tCopy 1 _wBOOKS |
||
| 001 | data | ||
| 999 |
_c966 _d966 |
||